000 00623nam a22001457a 4500
999 _c530971
_d530971
008 250722b ||||| |||| 00| 0 eng d
100 _aGuo, Jie
_955523
245 _aGender recognition and the law: Troubling transgender peoples’ engagement with legal regulation
260 _aSocial & Legal Studies
300 _a34(3), Jun, 2025: p.461-464
520 _aFlora Renz, New York: Routledge, 2024, pp. 176, ISBN 9780367566418, £135 (hbk), £36 (ebook).- Reproduced https://journals.sagepub.com/doi/abs/10.1177/09646639241279962
773 _aSocial & Legal Studies
906 _aBOOK REVIEW
942 _cAR